000 01440pab a2200193 454500
008 180718b2015 xxu||||| |||| 00| 0 eng d
100 _aMoynihan, Donald P.
245 _aA life worth living: evidence on the relationship between pro-social values and happiness
260 _c2015
300 _ap.311-326.
362 _aMay
520 _aEmployees with a desire to help others provide benefits to their organization, clients, and fellow workers, but what do they get in return? We argue that the prosocial desire to help others is a basic human goal that matters to an individual's happiness. We employ both longitudinal and cross-sectional data to demonstrate that work-related prosocial motivation is associated with higher subjective well-being, both in terms of current happiness and life satisfaction later in life. Cross-sectional data also suggest that perceived social impact (the belief that one's job is making a difference) is even more important for happiness than the prosocial desire to help. The results show that the relationship between prosocial motivation and happiness is not limited to government employees, suggesting that in this aspect of altruistic behavior, public and private employees are not so different. - Reproduced.
650 _aEmployees
650 _aMotivation
700 _aEnami, Kohei
700 _aDeleire, Thomas
773 _aAmerican Review of Public Administration
909 _a108667
999 _c108662
_d108662